| 000 | 00423nam a2200181Ia 4500 | ||
|---|---|---|---|
| 001 | 9675 | ||
| 005 | 20260306161736.0 | ||
| 008 | 260306t1997||||xx |||||||||||||| ||spa|| | ||
| 041 | _aESP | ||
| 082 |
_a390 _bJ53 |
||
| 100 |
_aJiménez Borja, Arturo _eAUT |
||
| 245 | 0 |
_aPerú: _bfiestas y costumbres |
|
| 260 | _c1997 | ||
| 300 |
_a468 páginas : _c29 cm. |
||
| 650 | _aGEN | ||
| 654 | _aCHU | ||
| 942 |
_cLIB _dJUS _fJUS _2ddc _n |
||
| 999 |
_c9675 _d9675 |
||